[Event "Belgrade-chT Quality"]
[Site "Belgrade"]
[Date "2008.11.05"]
[Round "5"]
[White "Cabarkapa, Milenko"]
[Black "Ilijc, Milan"]
[Result "1/2-1/2"]
[WhiteElo "2196"]
[BlackElo "2214"]
[PlyCount "72"]
[EventDate "2008.11.01"]
[EventType "team-swiss"]
[EventRounds "11"]
[EventCountry "YUG"]
[SourceTitle "CBM 127 Extra"]
[Source "ChessBase"]
[SourceDate "2009.01.08"]
[SourceVersion "2"]
[SourceVersionDate "2009.01.28"]
[SourceQuality "1"]

1. e4 d6 2. d4 Nf6 3. Nc3 g6 4. f4 Bg7 5. Nf3 0-0 6. Bd3 Na6 7. 0-0 c5 8. e5 Ng4 9. Bxa6 cxd4 10. Qxd4 bxa6 11. h3 Nh6 12. Qf2 Qc7 13. Nd5 Qb7 14. c4 Be6 15. Rd1 Rac8 16. Qe2 Rfd8 17. Be3 Nf5 18. Bf2 dxe5 19. fxe5 Bxd5 20. Rxd5 Rxd5 21. cxd5 Qxd5 22. Bxa7 a5 23. b3 e6 24. Rd1 Qb7 25. Bf2 Bf8 26. Rd2 Bb4 27. Rc2 Rd8 28. Qc4 Rd1+ 29. Kh2 Ne7 30. Qh4 h5 31. Qf6 Rd7 32. Qh4 Qd5 33. Qc4 Qb7 34. Bh4 Rd8 35. Bf6 Rc8 36. Qf4 Nd5 1/2-1/2

[Event "Belgrade-chT Quality"]
[Site "Belgrade"]
[Date "2008.11.01"]
[Round "1"]
[White "Jovanovic, Sasa T"]
[Black "Cabarkapa, Milenko"]
[Result "0-1"]
[WhiteElo "2317"]
[BlackElo "2196"]
[PlyCount "122"]
[EventDate "2008.11.01"]
[EventType "team-swiss"]
[EventRounds "11"]
[EventCountry "YUG"]
[SourceTitle "CBM 127 Extra"]
[Source "ChessBase"]
[SourceDate "2009.01.08"]
[SourceVersion "2"]
[SourceVersionDate "2009.01.28"]
[SourceQuality "1"]

1. d4 d5 2. c4 c6 3. Nc3 Nf6 4. e3 e6 5. Nf3 Nbd7 6. Qc2 Bd6 7. Be2 0-0 8. 0-0 a6 9. a3 dxc4 10. Bxc4 b5 11. Ba2 Bb7 12. e4 e5 13. h3 h6 14. Be3 Qe7 15. Nh4 Rfd8 16. Nf5 Qf8 17. Nxd6 Qxd6 18. Rad1 exd4 19. Rxd4 Qe7 20. Rfd1 c5 21. R4d2 c4 22. Nd5 Bxd5 23. exd5 Rac8 24. Qf5 Qe5 25. Bb1 Qxf5 26. Bxf5 c3 27. bxc3 Rxc3 28. Ra2 Nc5 29. Rc2 Na4 30. d6 g6 31. Rxc3 Nxc3 32. Rd3 Ncd5 33. Bg4 Nxe3 34. fxe3 Nxg4 35. hxg4 Rd7 36. e4 f6 37. Kf2 Kf7 38. Ke2 Ke6 39. Rh3 Ke5 40. Rxh6 g5 41. Ke3 Rxd6 42. Rh8 Rc6 43. Re8+ Kd6 44. Ra8 Rc3+ 45. Kd4 Rc4+ 46. Kd3 Ra4 47. Re8 Rxa3+ 48. Kd4 Ra4+ 49. Kd3 Ra2 50. e5+ fxe5 51. Ke4 Rxg2 52. Kf5 Rf2+ 53. Kxg5 b4 54. Rb8 a5 55. Rb5 e4 56. Rxa5 e3 57. Ra1 e2 58. Re1 Kd5 59. Kh4 Ke4 60. Rb1 Kd3 61. Rb3+ Kd2 0-1

[Event "SLO-ch blind int 7th"]
[Site "Izola"]
[Date "2007.06.18"]
[Round "6"]
[White "Markov, Ziva"]
[Black "Cabarkapa, Milenko"]
[Result "1/2-1/2"]
[WhiteElo "2227"]
[BlackElo "2197"]
[PlyCount "76"]
[EventDate "2007.06.13"]
[EventType "swiss"]
[EventRounds "7"]
[EventCountry "SLO"]
[SourceTitle "EXT 2023"]
[Source "ChessBase"]
[SourceDate "2022.10.05"]
[SourceVersion "1"]
[SourceVersionDate "2022.10.05"]
[SourceQuality "1"]

1. e4 c5 2. Nf3 Nc6 3. d4 cxd4 4. Nxd4 Nf6 5. Nc3 e5 6. Ndb5 d6 7. Bg5 a6 8. Na3 b5 9. Nd5 Be7 10. Bxf6 Bxf6 11. c3 0-0 12. Nc2 Bg5 13. Nce3 Rb8 14. Bd3 Ne7 15. Nxe7+ Qxe7 16. Qe2 Be6 17. 0-0 g6 18. Rfd1 f5 19. Bc2 f4 20. Nd5 Bxd5 21. Rxd5 f3 22. gxf3 Rf4 23. Qd3 Rd8 24. a4 Qf8 25. Kg2 Rf6 26. axb5 axb5 27. Rxb5 Qh6 28. Ra7 Rdf8 29. Rbb7 Rxf3 30. Qxf3 Rxf3 31. Kxf3 Qh5+ 32. Kg2 Bd8 33. Bb3+ Kh8 34. Rg7 Qg5+ 35. Kf1 Qc1+ 36. Kg2 Qg5+ 37. Kf1 Qc1+ 38. Kg2 Qg5+ 1/2-1/2

[Event "Belgrade tt Cup"]
[Site "Belgrade"]
[Date "2007.04.12"]
[Round "4.4"]
[White "Cabarkapa, Milenko"]
[Black "Skare, Goran"]
[Result "1/2-1/2"]
[WhiteElo "2197"]
[BlackElo "2295"]
[PlyCount "88"]
[EventDate "2007.04.09"]
[EventType "team-tourn"]
[EventRounds "5"]
[EventCountry "YUG"]
[SourceTitle "EXT 2008"]
[Source "ChessBase"]
[SourceDate "2007.11.25"]
[SourceVersion "1"]
[SourceVersionDate "2007.11.25"]
[SourceQuality "1"]

1. Nf3 d5 2. d4 Nf6 3. c4 c6 4. Nc3 e6 5. e3 Nbd7 6. Bd3 Bd6 7. 0-0 0-0 8. e4 dxc4 9. Bxc4 e5 10. a4 a5 11. h3 Qe7 12. Bg5 Bc7 13. Bxf6 Qxf6 14. d5 Bb6 15. dxc6 bxc6 16. Qd2 h6 17. Rfd1 Bc5 18. Qe2 Re8 19. Rac1 Nb6 20. Nd2 Qf4 21. Bd3 Nd7 22. Qf3 Qxf3 23. Nxf3 Rb8 24. Rc2 Rb4 25. Na2 Rxa4 26. Bc4 Ba7 27. Nd2 Nb6 28. b3 Ra3 29. Nc1 Ra1 30. Rf1 Kf8 31. Nd3 Rxf1+ 32. Kxf1 Nd7 33. Ra2 Bb6 34. Ke2 Bb7 35. Ra4 Ra8 36. Nf3 f6 37. Nh4 g5 38. Nf5 h5 39. f3 h4 40. Nd6 Ra7 41. b4 Ke7 42. Nxb7 Rxb7 43. bxa5 Ba7 44. Rb4 Rxb4 1/2-1/2

[Event "IBCA Wch blind 11th"]
[Site "Goa"]
[Date "2006.10.11"]
[Round "3"]
[White "Cabarkapa, Milenko"]
[Black "Tonteri, Ari"]
[Result "0-1"]
[WhiteElo "2197"]
[BlackElo "1975"]
[PlyCount "94"]
[EventDate "2006.10.09"]
[EventType "swiss"]
[EventRounds "9"]
[EventCountry "IND"]
[SourceTitle "CBM 114 Extra"]
[Source "ChessBase"]
[SourceDate "2006.11.03"]
[SourceVersion "1"]
[SourceVersionDate "2006.11.03"]
[SourceQuality "1"]

1. Nf3 Nf6 2. c4 g6 3. g3 Bg7 4. Bg2 0-0 5. 0-0 d6 6. Nc3 c5 7. d4 Nc6 8. d5 Na5 9. Nd2 a6 10. Qc2 Bd7 11. b3 b5 12. Bb2 Rb8 13. Rab1 Qc7 14. e4 Nh5 15. Ne2 bxc4 16. bxc4 Rxb2 17. Rxb2 Bxb2 18. Qxb2 Rb8 19. Qc3 Rb4 20. Nc1 e5 21. Nd3 Rb8 22. f4 f6 23. Nf3 Re8 24. fxe5 dxe5 25. Nd2 Bc8 26. Bf3 Ng7 27. Bd1 f5 28. Ba4 Re7 29. Re1 Nb7 30. exf5 Nxf5 31. Rxe5 Nd4 32. Rxe7 Qxe7 33. Kg2 Qe3 34. d6 Nxd6 35. Bc6 Bf5 36. Bd5+ Kf8 37. Qa5 Bxd3 38. Qd8+ Ne8 39. Nf3 Qe2+ 40. Kh3 Bf5+ 41. g4 Qf1+ 42. Kg3 Be6 43. Ne5 Qe1+ 44. Kf4 Qd2+ 45. Kg3 Qe3+ 46. Nf3 Bxd5 47. Qxd5 Qxf3+ 0-1

[Event "SLO-ch blind int 6th"]
[Site "Izola"]
[Date "2005.06.16"]
[Round "4"]
[White "Olsar, Jaroslav"]
[Black "Cabarkapa, Milenko"]
[Result "0-1"]
[WhiteElo "2305"]
[BlackElo "2170"]
[PlyCount "68"]
[EventDate "2005.06.13"]
[EventType "swiss"]
[EventRounds "7"]
[EventCountry "SLO"]
[SourceTitle "EXT 2019"]
[Source "ChessBase"]
[SourceDate "2018.10.10"]
[SourceVersion "1"]
[SourceVersionDate "2018.10.10"]
[SourceQuality "1"]

1. e4 c5 2. Nf3 d6 3. d4 cxd4 4. Nxd4 Nf6 5. Nc3 a6 6. f4 Qc7 7. Bd3 g6 8. 0-0 Bg7 9. Kh1 Nbd7 10. Qe2 0-0 11. Nf3 e5 12. Bc4 b5 13. Bb3 Bb7 14. fxe5 dxe5 15. Bg5 b4 16. Nd5 Nxd5 17. exd5 Nc5 18. Bc4 Rac8 19. Rad1 Qd6 20. Be3 f6 21. Bd2 a5 22. Rfe1 Kh8 23. c3 Na4 24. b3 bxc3 25. Be3 Nb2 26. Rc1 e4 27. Nd4 Bxd5 28. Nb5 Bxc4 29. bxc4 Qe6 30. Rxc3 Nd3 31. Rd1 Rxc4 32. Bd4 Rxc3 33. Nxc3 Re8 34. Nxe4 Nf4 0-1

[Event "IBCA Wch blind 10th"]
[Site "Istanbul"]
[Date "2002.11.29"]
[Round "9"]
[White "Cabarkapa, Milenko"]
[Black "Draghici Flutur, Gavril"]
[Result "0-1"]
[WhiteElo "2180"]
[BlackElo "2075"]
[PlyCount "54"]
[EventDate "2002.11.20"]
[EventType "swiss"]
[EventRounds "9"]
[EventCountry "TUR"]
[SourceTitle "EXT 2004"]
[Source "ChessBase"]
[SourceDate "2003.11.25"]
[SourceVersion "1"]
[SourceVersionDate "2003.11.25"]
[SourceQuality "1"]

1. d4 f5 2. Nf3 Nf6 3. g3 g6 4. Bg2 Bg7 5. 0-0 0-0 6. c4 d6 7. Nc3 c6 8. d5 e5 9. dxe6 Bxe6 10. Qd3 Ng4 11. b3 Na6 12. Bb2 Nc5 13. Qc2 f4 14. Rad1 fxg3 15. hxg3 Qe7 16. Nd4 Qg5 17. Bf3 Qh5 18. Bxg4 Bxg4 19. Bc1 Bh3 20. Rfe1 Qg4 21. Be3 Rae8 22. Qd2 Ne4 23. Nxe4 Qxe4 24. Nf3 Rxf3 25. Kh2 Rxf2+ 26. Kxh3 Qg2+ 27. Kg4 h5+ 0-1

[Event "IBCA WorldCup 4th fin-A"]
[Site "Gelsenkirchen"]
[Date "2001.08.09"]
[Round "6.1"]
[White "Smirnov, Sergey N"]
[Black "Cabarkapa, Milenko"]
[Result "0-1"]
[WhiteElo "2285"]
[BlackElo "2180"]
[PlyCount "140"]
[EventDate "2001.08.09"]
[EventType "team"]
[EventRounds "3"]
[EventCountry "GER"]
[SourceTitle "EXT 2005"]
[Source "ChessBase"]
[SourceDate "2004.11.15"]
[SourceVersion "1"]
[SourceVersionDate "2004.11.15"]
[SourceQuality "1"]

1. Nf3 Nf6 2. c4 g6 3. g3 Bg7 4. Bg2 c6 5. d4 0-0 6. Nc3 d5 7. cxd5 cxd5 8. 0-0 e6 9. Bf4 Nc6 10. Rc1 Bd7 11. a3 Qe7 12. Qd3 Rfd8 13. b4 Rac8 14. Rfd1 Be8 15. Qb1 Nh5 16. Bg5 f6 17. Bd2 f5 18. e3 Nf6 19. b5 Nb8 20. Na4 Ne4 21. Bb4 Qd7 22. Bf1 b6 23. Nb2 Qb7 24. Qd3 Bf7 25. a4 Nd7 26. Qa3 Re8 27. Nd3 g5 28. Rxc8 Rxc8 29. Rc1 g4 30. Nd2 Bf8 31. Bxf8 Nxd2 32. Bb4 Nxf1 33. Kxf1 a5 34. Bd6 Nf6 35. Ne5 Be8 36. f3 gxf3 37. Nxf3 Ne4 38. Be5 Bh5 39. Kg2 Bxf3+ 40. Kxf3 Nd2+ 41. Kg2 Nc4 42. Qc3 Qf7 43. Qd3 Qh5 44. Bf4 Kf7 45. Qf1 Nd2 46. Qd1 Qxd1 47. Rxd1 Rc2 48. Bb8 Nc4+ 49. Kf3 Ra2 50. h3 h5 51. Re1 Rxa4 52. g4 hxg4+ 53. hxg4 fxg4+ 54. Kxg4 Ra3 55. Bf4 Rb3 56. Kg5 Rb2 57. Kh6 Rg2 58. e4 Rg4 59. Rf1 dxe4 60. Bg5+ Ke8 61. Rc1 Nd6 62. Rc6 Nf7+ 63. Kg6 Rxg5+ 64. Kf6 Rxb5 65. Rxe6+ Kf8 66. Rc6 Nd8 67. Rc8 Ke8 68. Rc7 Rb1 69. d5 Rf1+ 70. Ke5 Rf7 0-1

[Event "IBCA WorldCup 4th prel-B"]
[Site "Gelsenkirchen"]
[Date "2001.08.08"]
[Round "5.1"]
[White "Mlacnik, Franc"]
[Black "Cabarkapa, Milenko"]
[Result "1-0"]
[WhiteElo "2125"]
[BlackElo "2180"]
[PlyCount "71"]
[EventDate "2001.08.04"]
[EventType "team"]
[EventRounds "5"]
[EventCountry "GER"]
[SourceTitle "EXT 2005"]
[Source "ChessBase"]
[SourceDate "2004.11.15"]
[SourceVersion "1"]
[SourceVersionDate "2004.11.15"]
[SourceQuality "1"]

1. d4 Nf6 2. c4 g6 3. Nc3 Bg7 4. e4 d6 5. f3 0-0 6. Be3 b6 7. Bd3 a6 8. Qd2 c5 9. d5 e6 10. Nge2 exd5 11. Nxd5 Nxd5 12. cxd5 Nd7 13. Ng3 Re8 14. 0-0 b5 15. Rae1 Nb6 16. Qf2 Nc4 17. Bxc4 bxc4 18. f4 Rb8 19. Re2 h5 20. f5 Qf6 21. h4 Rxb2 22. Bg5 Rxe2 23. Nxe2 Qb2 24. fxg6 f5 25. Qf3 Rxe4 26. Nf4 Qd4+ 27. Kh1 Rxf4 28. Bxf4 Qd3 29. Re1 Bd7 30. Qxh5 Qxd5 31. Qh7+ Kf8 32. Bh6 Qg8 33. Bxg7+ Qxg7 34. Re7 Qa1+ 35. Kh2 Be6 36. Rf7+ 1-0

[Event "Linares blind"]
[Site "Linares"]
[Date "2001.02.28"]
[Round "6"]
[White "Cabarkapa, Milenko"]
[Black "Palacios Perez, Manuel"]
[Result "1-0"]
[WhiteElo "2188"]
[BlackElo "2179"]
[PlyCount "187"]
[EventDate "2001.02.23"]
[EventType "tourn"]
[EventRounds "9"]
[EventCountry "ESP"]
[EventCategory "1"]
[SourceTitle "CBM 080 Extra"]
[Source "ChessBase"]
[SourceDate "2001.03.08"]
[SourceVersion "1"]
[SourceVersionDate "2001.03.08"]
[SourceQuality "1"]

1. Nf3 d6 2. d4 g6 3. g3 Bg7 4. Bg2 Nf6 5. 0-0 0-0 6. c4 c5 7. Nc3 Nc6 8. d5 Na5 9. Nd2 a6 10. Rb1 Rb8 11. Qc2 b5 12. b3 e5 13. Bb2 Bh6 14. f4 Ng4 15. Nd1 Bg7 16. h3 Nh6 17. e4 bxc4 18. bxc4 Rxb2 19. Nxb2 exf4 20. Rxf4 Be5 21. Nd3 Bd4+ 22. Kh2 Be3 23. Rf3 Qg5 24. Rxe3 Qxe3 25. Nb3 Nxb3 26. Rxb3 Qd4 27. Qc1 Kg7 28. Qb2 Qxb2 29. Rxb2 f6 30. Rb6 Rd8 31. Rb8 Kf8 32. Bf3 Ke7 33. Bd1 Kd7 34. Ba4+ Kc7 35. Rb3 g5 36. g4 Nf7 37. Kg3 h5 38. Rb1 hxg4 39. hxg4 Rh8 40. Rf1 Rh6 41. Be8 Nd8 42. Nf2 Nb7 43. Nd1 Na5 44. Ne3 Kd8 45. Ba4 Ke7 46. Rb1 Kd8 47. Rf1 Kc7 48. Be8 Nb7 49. Rf2 Kd8 50. Bc6 Na5 51. Rf1 Ke7 52. Rb1 Kd8 53. Rf1 Kc7 54. Rf2 Nxc6 55. dxc6 Kxc6 56. Nd5 Be6 57. a3 Bxd5 58. exd5+ Kd7 59. Rb2 Rh1 60. Rb7+ Ke8 61. Rb6 Rg1+ 62. Kf3 Kd7 63. Rxa6 Rc1 64. Ra7+ Kc8 65. Ke4 Rf1 66. Rf7 Rf4+ 67. Kd3 Kd8 68. a4 Ke8 69. Rb7 Rxg4 70. a5 Rg3+ 71. Ke4 Ra3 72. Kf5 Rxa5 73. Ke6 Kf8 74. Kxf6 Kg8 75. Kg6 Kf8 76. Kxg5 Ra4 77. Kf6 Rb4 78. Rh7 Kg8 79. Rh4 Ra4 80. Ke6 Ra6 81. Rf4 Rb6 82. Kd7 Kg7 83. Re4 Kf7 84. Kc7 Ra6 85. Kb7 Ra4 86. Kc6 Ra6+ 87. Kb5 Ra7 88. Re6 Rb7+ 89. Kc6 Rb4 90. Re4 Kf6 91. Kxd6 Kf5 92. Kxc5 Rb1 93. Re2 Kf6 94. d6 1-0

[Event "Linares blind"]
[Site "Linares"]
[Date "2001.02.27"]
[Round "5"]
[White "Cabarkapa, Milenko"]
[Black "Draghici Flutur, Gavril"]
[Result "1-0"]
[WhiteElo "2188"]
[BlackElo "2128"]
[PlyCount "73"]
[EventDate "2001.02.23"]
[EventType "tourn"]
[EventRounds "9"]
[EventCountry "ESP"]
[EventCategory "1"]
[SourceTitle "CBM 080 Extra"]
[Source "ChessBase"]
[SourceDate "2001.03.08"]
[SourceVersion "1"]
[SourceVersionDate "2001.03.08"]
[SourceQuality "1"]

1. Nf3 f5 2. d4 Nf6 3. g3 g6 4. Bg2 Bg7 5. 0-0 0-0 6. c4 d6 7. Nc3 c6 8. d5 e5 9. dxe6 Bxe6 10. Qd3 h6 11. Bf4 d5 12. cxd5 Nxd5 13. Rfd1 Nd7 14. Nxd5 Bxd5 15. Nh4 Bxg2 16. Kxg2 Nb6 17. Qb3+ Nd5 18. Nxg6 Re8 19. e3 Kh7 20. Nh4 Qf6 21. Rd2 Rad8 22. Rad1 Rd7 23. Kg1 Re4 24. a3 Bh8 25. f3 Re6 26. Nxf5 Rf7 27. e4 Nxf4 28. gxf4 Qg6+ 29. Kh1 b5 30. Rd6 Rff6 31. Rd7+ Rf7 32. Nh4 Qf6 33. e5 Qxh4 34. Rxf7+ Bg7 35. Qxe6 Qf2 36. Rxg7+ Kxg7 37. Rd7+ 1-0

[Event "Linares blind"]
[Site "Linares"]
[Date "2001.02.24"]
[Round "2"]
[White "Zoltek, Tadeusz"]
[Black "Cabarkapa, Milenko"]
[Result "1-0"]
[WhiteElo "2304"]
[BlackElo "2188"]
[PlyCount "87"]
[EventDate "2001.02.23"]
[EventType "tourn"]
[EventRounds "9"]
[EventCountry "ESP"]
[EventCategory "1"]
[SourceTitle "CBM 080 Extra"]
[Source "ChessBase"]
[SourceDate "2001.03.08"]
[SourceVersion "1"]
[SourceVersionDate "2001.03.08"]
[SourceQuality "1"]

1. c4 e5 2. Nc3 Nc6 3. g3 g6 4. Bg2 Bg7 5. Nf3 f5 6. d3 Nf6 7. 0-0 d6 8. Rb1 0-0 9. b4 Ne7 10. c5 h6 11. Qb3+ Kh7 12. a4 g5 13. cxd6 cxd6 14. b5 f4 15. Ba3 Nf5 16. Ne4 Nxe4 17. dxe4 Nd4 18. Nxd4 exd4 19. Rbd1 a6 20. Bb2 Qb6 21. Qd3 axb5 22. axb5 Ra4 23. e5+ Bf5 24. Be4 Bxe4 25. Qxe4+ Kh8 26. Rxd4 Ra2 27. Rb4 fxg3 28. hxg3 Qc5 29. Rb3 dxe5 30. e3 Rd8 31. Rc1 Qd5 32. Qxd5 Rxd5 33. Rc8+ Kh7 34. Rc7 Kg6 35. Bc3 b6 36. g4 Bf6 37. Rc6 Rc5 38. Rxc5 bxc5 39. b6 Ra8 40. b7 Rb8 41. e4 Kf7 42. Ba5 c4 43. Rb1 c3 44. Bxc3 1-0

[Event "IBCA-ol blind 11th"]
[Site "Zakopane"]
[Date "2000.09.06"]
[Round "8.1"]
[White "Smirnov, Sergei"]
[Black "Cabarkapa, Milenko"]
[Result "1/2-1/2"]
[WhiteElo "2250"]
[BlackElo "2210"]
[PlyCount "96"]
[EventDate "2000.08.28"]
[EventType "team-swiss"]
[EventRounds "9"]
[EventCountry "POL"]
[SourceTitle "EXT 2010"]
[Source "ChessBase"]
[SourceDate "2010.11.25"]
[SourceVersion "1"]
[SourceVersionDate "2010.11.25"]
[SourceQuality "1"]
[WhiteTeam "Russia (blind)"]
[BlackTeam "Yugoslavia (blind)"]
[WhiteTeamCountry "RUS"]
[BlackTeamCountry "YUG"]

1. Nf3 Nf6 2. c4 c6 3. g3 g6 4. b3 Bg7 5. Bb2 0-0 6. Bg2 d6 7. 0-0 e5 8. d3 Nbd7 9. Nbd2 Re8 10. b4 Qc7 11. Re1 Qb6 12. Bc3 d5 13. e3 e4 14. dxe4 Nxe4 15. Bxg7 Kxg7 16. cxd5 cxd5 17. Qb3 Ndf6 18. Re2 Bd7 19. Qb2 Bb5 20. Ree1 Kg8 21. Nxe4 dxe4 22. Nd4 Bd3 23. Rec1 Ng4 24. Ne2 Rad8 25. Nf4 Ne5 26. Rc5 Qd6 27. Rd1 Qb8 28. h4 b6 29. Rd5 Rxd5 30. Nxd5 Qd8 31. Nf4 Qe7 32. Qc3 Rd8 33. a3 Rd6 34. Nxd3 Rxd3 35. Rxd3 exd3 36. f4 d2 37. Qxd2 Nc4 38. Qe2 Qxe3+ 39. Qxe3 Nxe3 40. Be4 f5 41. Bd3 Kf8 42. Kf2 Ng4+ 43. Ke2 Ke7 44. Ba6 Nf6 45. Bb7 Kd6 46. Bf3 a5 47. Kd3 axb4 48. axb4 Nh5 1/2-1/2

[Event "IBCA-ol blind 11th"]
[Site "Zakopane"]
[Date "2000.08.30"]
[Round "2.1"]
[White "Cabarkapa, Milenko"]
[Black "Devos, Piet"]
[Result "0-1"]
[WhiteElo "2210"]
[BlackElo "2175"]
[PlyCount "106"]
[EventDate "2000.08.28"]
[EventType "team-swiss"]
[EventRounds "9"]
[EventCountry "POL"]
[SourceTitle "EXT 2010"]
[Source "ChessBase"]
[SourceDate "2010.11.25"]
[SourceVersion "1"]
[SourceVersionDate "2010.11.25"]
[SourceQuality "1"]
[WhiteTeam "Yugoslavia (blind)"]
[BlackTeam "Belgium (blind)"]
[WhiteTeamCountry "YUG"]
[BlackTeamCountry "BEL"]

1. e4 c5 2. Nf3 e6 3. d4 cxd4 4. Nxd4 a6 5. Bd3 Qc7 6. 0-0 d6 7. c4 Nd7 8. b3 Ngf6 9. Bb2 b6 10. Nc3 Bb7 11. Rc1 Be7 12. Qe2 0-0 13. Kh1 Rad8 14. f4 Rfe8 15. f5 Bf8 16. fxe6 fxe6 17. Nf3 Ng4 18. Nd1 Nge5 19. Nf2 Be7 20. Bb1 Rf8 21. Nd4 Rf6 22. Ng4 Rg6 23. Nxe5 dxe5 24. Nf3 Bd6 25. Rcd1 Rf6 26. Rd3 Rf4 27. Ng5 Rxf1+ 28. Qxf1 Nc5 29. Rf3 h6 30. Rf7 Rd7 31. Rxd7 Qxd7 32. Nf3 Nxe4 33. Nxe5 Bxe5 34. Bxe5 Qd2 35. h3 Qe3 36. Bxe4 Bxe4 37. Bh2 Qxh3 38. Qe2 Qf5 39. Kg1 Bd3 40. Qf2 Qxf2+ 41. Kxf2 Bb1 42. b4 Bxa2 43. c5 bxc5 44. bxc5 Bd5 45. Be5 Kf7 46. g3 g5 47. g4 Kg6 48. Kg3 h5 49. Bc7 h4+ 50. Kf2 Bc6 51. Ke3 Kf7 52. Bd8 h3 53. Kf2 h2 0-1

[Event "IBCA EU-ch blind 02nd"]
[Site "Krynica"]
[Date "1999.??.??"]
[Round "3"]
[White "Cabarkapa, Milenko"]
[Black "Aksu, Mumin"]
[Result "1-0"]
[WhiteElo "2225"]
[BlackElo "1855"]
[PlyCount "55"]
[EventDate "1999.07.04"]
[EventType "swiss"]
[EventRounds "9"]
[EventCountry "POL"]
[SourceTitle "EXT 2000"]
[Source "ChessBase"]
[SourceDate "1999.11.16"]
[SourceVersion "1"]
[SourceVersionDate "1999.11.16"]
[SourceQuality "1"]

1. e4 e6 2. d4 d5 3. Nd2 c5 4. exd5 Qxd5 5. Ngf3 cxd4 6. Bc4 Qc5 7. Qe2 Nc6 8. Nb3 Qb6 9. 0-0 Nf6 10. Rd1 Be7 11. Nbxd4 Nxd4 12. Nxd4 a6 13. b3 Bd7 14. Bb2 Rd8 15. Rd3 0-0 16. Nf5 Qc5 17. Nxe7+ Qxe7 18. Rg3 Ne8 19. a4 f5 20. Ba3 Qf6 21. Rd1 Rf7 22. Rgd3 Nc7 23. Bd6 Ne8 24. Bb4 f4 25. Bxe6 f3 26. Bxf7+ Qxf7 27. Qxf3 Qg6 28. Qf8# 1-0